00690nam a2200181 a 450000100100000000500170001000800410002704000250006808200150009324500280010826001050013630000270024149000470026883000540031504900090036995201130037899900170049100003003820200930060007.0110428s1989 dr a 000 0 spa d aDO-SdBNPbspacBNPHU axxxbR627b01aLos rizos y el beisbol. aSanto Domingo :bCentro de Investigación para la Acción Femenina (CIPAF),c1989.fEditora Taller a24 p. :bil. ;c28 cm.1 aCuadernos de educación No sexistavno. 6 0aCuadernos de educación No sexistavno. 6956751 aBNPD 0010718PDaPDbPDcCTd2011-04-28iLF1l0oxxx R627bp30038-10r2020-06-25w2020-06-25yLFPDZNo se presta c29530d29530